The rest of God : (Record no. 21321)

MARC details
000 -LEADER
fixed length control field 01424cam a22003854a 4500
001 - CONTROL NUMBER
control field 13923812
003 - CONTROL NUMBER IDENTIFIER
control field OSt
005 - DATE AND TIME OF LATEST TRANSACTION
control field 20260310095852.0
008 - FIXED-LENGTH DATA ELEMENTS--GENERAL INFORMATION
fixed length control field 050408s2006 tnu b 000 0 eng
010 ## - LIBRARY OF CONGRESS CONTROL NUMBER
LC control number 2005010012
020 ## - INTERNATIONAL STANDARD BOOK NUMBER
International Standard Book Number 9780849918483
020 ## - INTERNATIONAL STANDARD BOOK NUMBER
International Standard Book Number 0849918480
020 ## - INTERNATIONAL STANDARD BOOK NUMBER
Canceled/invalid ISBN 9781418553517 (ebook)
035 ## - SYSTEM CONTROL NUMBER
System control number 13923812
035 ## - SYSTEM CONTROL NUMBER
System control number (OCoLC)59360160
040 ## - CATALOGING SOURCE
Original cataloging agency DLC
Transcribing agency DLC
Modifying agency BAKER
-- C#P
-- BTCTA
-- YDXCP
-- DLC
042 ## - AUTHENTICATION CODE
Authentication code pcc
050 00 - LIBRARY OF CONGRESS CALL NUMBER
Classification number BV4597.55
Item number .B83 2006
082 00 - DEWEY DECIMAL CLASSIFICATION NUMBER
Classification number 263/.2
Edition number 22
100 1# - MAIN ENTRY--PERSONAL NAME
Personal name Buchanan, Mark
Fuller form of name (Mark Aldham)
245 14 - TITLE STATEMENT
Title The rest of God :
Remainder of title restoring your soul by restoring Sabbath /
Statement of responsibility, etc. Mark Buchanan.
260 ## - PUBLICATION, DISTRIBUTION, ETC. (IMPRINT)
Place of publication, distribution, etc. Nashville, Tenn. :
Name of publisher, distributor, etc. W Pub. Group,
Date of publication, distribution, etc. c2006.
300 ## - PHYSICAL DESCRIPTION
Extent xvi, 223, [1] p. ;
Dimensions 22 cm.
336 ## - CONTENT TYPE
Content type term text
Content type code txt
Source rdacontent
337 ## - MEDIA TYPE
Media type term unmediated
Media type code n
Source rdamedia
338 ## - CARRIER TYPE
Carrier type term volume
Carrier type code nc
Source rdacarrier
504 ## - BIBLIOGRAPHY, ETC. NOTE
Bibliography, etc Includes bibliographical references.
650 #0 - SUBJECT ADDED ENTRY--TOPICAL TERM
Topical term or geographic name as entry element Rest
General subdivision Religious aspects
-- Christianity.
650 #0 - SUBJECT ADDED ENTRY--TOPICAL TERM
Topical term or geographic name as entry element Sabbath.
856 42 - ELECTRONIC LOCATION AND ACCESS
Materials specified Publisher description
Uniform Resource Identifier <a href="http://www.loc.gov/catdir/enhancements/fy0710/2005010012-d.html">http://www.loc.gov/catdir/enhancements/fy0710/2005010012-d.html</a>
906 ## - LOCAL DATA ELEMENT F, LDF (RLIN)
a 7
b cbc
c orignew
d 1
e ecip
f 20
g y-gencatlg
942 ## - ADDED ENTRY ELEMENTS (KOHA)
Source of classification or shelving scheme Library of Congress Classification
Koha item type General Collection
Holdings
Withdrawn status Lost status Source of classification or shelving scheme Not for loan Home library Current library Shelving location Date acquired Source of acquisition Inventory number Total Checkouts Full call number Barcode Date last seen Copy number Price effective from Koha item type
    Library of Congress Classification   Kabarak, Main Campus Kabarak, Main Campus General Stacks 10/03/2026 Donation 2025/3694   BV4597.55 .B83 2006 C.1 38357 10/03/2026 C.1 10/03/2026 General Collection
Designed with assistance from East African Informatics Ltd